La mercancía patrón generalizada para trabajo heterogéneo y equilibrio general (Registro nro. 24813)

Detalles MARC
000 -LEADER
fixed length control field 00372 a2200109 4500
001 - CONTROL NUMBER
control field ART_10970
005 - DATE AND TIME OF LATEST TRANSACTION
control field 20260410161849.0
008 - FIXED-LENGTH DATA ELEMENTS--GENERAL INFORMATION
fixed length control field 260409a
100 1# - MAIN ENTRY--PERSONAL NAME
Personal name Escudé, Guillermo J.
245 10 - TITLE STATEMENT
Title La mercancía patrón generalizada para trabajo heterogéneo y equilibrio general
773 0# - HOST ITEM ENTRY
Title Económica
Related parts - Año XXVIII, Nº 1/2 (ene./ago. 1982)
Record control number REV7541

No hay ítems disponibles.